000 00667nam a22002177a 4500
001 31603
003 BD-RjUL
005 20211209051726.0
008 140421s1948 enk||||| |||| 00| 0 eng d
035 _a(BD-RjUL)31691
040 _aBD-RjUL
_beng
_cBD-RjUL
_dBD-RjUL
041 _aeng
082 _a239.1
_bPAP 1948
100 1 _a Pascal, Blaise
_994411
245 1 0 _aPascal's apology for religion :
_bextracted from the Pensées /
_cby Blaise Pascal ; H F Stewart
260 _aCambridge :
_bUniversity press,
_c1948
300 _axxiv, 231p. ;
_c18cm.
650 0 _aApologetics -- Early works to 1800.
_996184
700 1 _a Stewart, H F
_996185
942 _2ddc
_cBK
999 _c31603
_d31603